| 000 | 01319nam a22002657a 4500 | ||
|---|---|---|---|
| 003 | BD-DhUL | ||
| 005 | 20220123110856.0 | ||
| 008 | 211227s1985 ii a|||| |||| 000 0 ben | | ||
| 040 |
_aBD-DhUL _cBD-DhUL |
||
| 082 |
_a891.44308733 _bPRT |
||
| 245 | 1 | 0 |
_aপৃথিবীর শ্রেষ্ঠ ভূতের গল্প / _cসম্পাদনায় তীর্থপতি দত্ত ; মণীন্দ্র দত্ত ...[et al] । |
| 250 | _aনতুন সংস্ক. | ||
| 260 |
_aকলকাতা : _bনবপ্রকাশ, _c১৯৮৫ । |
||
| 300 |
_a[২২], ৬৬৪ পৃ. : _bচিত্র ; _c২২ সেমি. |
||
| 365 |
_aRS _b40.00 |
||
| 650 | 4 | _aবাংলা ভৌতিক কাহিনী । | |
| 650 | 4 | _aBengali ghost story . | |
| 700 | 1 |
_aদত্ত, তীর্থপতি _eসম্পা. |
|
| 700 | 1 |
_4দত্ত, মণীন্দ্র _eঅনুবাদক |
|
| 700 | 1 |
_aবসু, রবীন্দ্রনাথ _eঅনুবাদক |
|
| 700 | 1 |
_aঘোস, সুধাংশুরঞ্জন _eঅনুবাদক |
|
| 700 | 1 |
_aচৌধুরী, অনিরুদ্ধ _eঅনুবাদক |
|
| 700 | 1 |
_aপালচৌধুরী, প্রীতি _eঅনুবাদক |
|
| 942 |
_2ddc _cBK |
||
| 999 |
_c255139 _d255139 |
||